|
|
|
|
| LEADER |
00000naa2a2200000 4500 |
| 001 |
402358 |
| 005 |
20231101065719.0 |
| 035 |
|
|
|a (RuTPU)RU\TPU\prd\47352
|
| 035 |
|
|
|a RU\TPU\prd\47351
|
| 090 |
|
|
|a 402358
|
| 100 |
|
|
|a 20061031a2006 k y0rusy50 ca
|
| 101 |
0 |
|
|a rus
|
| 102 |
|
|
|a RU
|
| 200 |
1 |
|
|a Конъюнктурность в контексте злободневности
|e Путь от выживания к профессиональному менеджменту
|f Л. В. Куликова
|
| 225 |
1 |
|
|a Меценатство
|
| 461 |
|
0 |
|0 (RuTPU)RU\TPU\prd\12643
|t Библиотечное дело
|o ежемесячный журнал
|d 2003-
|
| 463 |
|
0 |
|0 (RuTPU)RU\TPU\prd\47199
|t № 8
|v С. 5-7
|d 2006
|
| 610 |
1 |
|
|a благотворительность
|
| 610 |
1 |
|
|a конъюнктурность
|
| 610 |
1 |
|
|a менеджмент
|
| 700 |
|
1 |
|a Куликова
|b Л. В.
|g Людмила Васильевна
|
| 801 |
|
1 |
|a RU
|b 63413507
|c 20061031
|g PSBO
|
| 801 |
|
2 |
|a RU
|b 63413507
|c 20061031
|g PSBO
|
| 942 |
|
|
|c BK
|